| 000 | 00464nam a2200193Ia 4500 | ||
|---|---|---|---|
| 008 | 170918s9999 xx 000 0 und d | ||
| 020 | _a9780399225031 | ||
| 050 | _bU17 1976 | ||
| 100 | _aUchida, Yoshiko | ||
| 245 | 4 | _aThe bracelet / | |
| 245 | _cby Yoshiko Uchida and Joanna Yardley. | ||
| 260 | _aNew York : | ||
| 260 | _bPhilomel Books, | ||
| 260 | _c1976 | ||
| 300 | _aunpaged : | ||
| 300 | _bchiefly colored ; | ||
| 300 | _c25cm. | ||
| 500 | _a710 | ||
| 999 |
_c342998 _d342998 |
||